Michelle Pfeiffer's male partners on screen - Statistics

General Stats
  • This quiz has been taken 69 times
  • The average score is 12 of 20
Answer Stats
Hint Answer % Correct
Frankie and Johnny Al Pacino
86%
Batman returns Michael Keaton
86%
The age of innocence Daniel Day-Lewis
79%
The Fabulous Baker Boys Jeff Bridges
79%
One fine day George Clooney
73%
Dangerous Liaisons John Malkovich
71%
The family Robert de Niro
71%
What lies beneath Harrison Ford
70%
Wolf Jack Nicholson
70%
Tequila Sunrise Mel Gibson
70%
The Russia house Sean Connery
68%
I am Sam Sean Penn
66%
Up Close & Personal Robert Redford
63%
The story of us Bruce Willis
55%
Into the night Jeff Goldblum
34%
Married to the mob Matthew Modine
30%
I could never be your woman Paul Rudd
30%
Ladyhawke Rutger Hauer
30%
Hairspray Christopher Walken
25%
Chéri Rupert Friend
16%
No matching quizzes found
Score Distribution
Percent of People with Each Score
Percentile by Number Answered
Your Score History
You have not taken this quiz